| 000 | 01496cam a22003374a 4500 | ||
|---|---|---|---|
| 999 |
_c332437 _d332437 |
||
| 001 | 13321122 | ||
| 003 | NUST | ||
| 005 | 20171206093301.0 | ||
| 008 | 030822s2004 enka b 001 0 eng | ||
| 010 | _a 2003058346 | ||
| 020 | _a0471985600 (alk. paper) | ||
| 020 | _a0471985619 (pbk. : alk. paper) | ||
| 040 |
_aDLC _cDLC _dDLC |
||
| 042 | _apcc | ||
| 043 | _ae-uk--- | ||
| 050 | 0 | 0 |
_aTD878 _b.N34 2004 |
| 082 | 0 | 0 |
_a628.550941 NAT _222 |
| 100 | 1 |
_aNathanail, C. Paul. _96952 |
|
| 245 | 1 | 0 |
_aReclamation of contaminated land / _cPaul Nathanail, R. Paul Bardos. |
| 260 |
_aChichester, West Sussex, England ; _aHoboken, NJ, USA : _bWiley, _c2004. |
||
| 300 |
_aviii, 238 p. : _bill. ; _c24 cm. |
||
| 500 | _aP.B | ||
| 504 | _aIncludes bibliographical references and index. | ||
| 650 | 0 |
_aSoil remediation. _96465 |
|
| 650 | 0 |
_aHazardous waste site remediation. _96370 |
|
| 650 | 0 |
_aSoil pollution _xGovernment policy _zGreat Britain. _96953 |
|
| 700 | 1 |
_aBardos, Paul. _96954 |
|
| 856 | 4 | 2 |
_3Contributor biographical information _uhttp://www.loc.gov/catdir/bios/wiley047/2003058346.html |
| 856 | 4 | 2 |
_3Publisher description _uhttp://www.loc.gov/catdir/description/wiley041/2003058346.html |
| 856 | 4 | 1 |
_3Table of contents _uhttp://www.loc.gov/catdir/toc/wiley041/2003058346.html |
| 906 |
_a7 _bcbc _corignew _d1 _eocip _f20 _gy-gencatlg |
||
| 942 |
_2ddc _cBK _kIESE |
||